Die Grundlagen der Charakterkunde /

Guardado en:
書目詳細資料
主要作者: Klages, Ludwig (autor)
格式: 圖書
語言:German
主題:
標簽: 添加標簽
沒有標簽, 成為第一個標記此記錄!

MARC

LEADER 00000nam^a2200000^a^4500
001 000070380
005 20250521000000.0
009 20260310091440.599
037 |a Acervo ITESO - Biblioteca 
041 |a ALE 
082 |a 150.  |b KLA 
100 |a Klages, Ludwig  |e (autor) 
245 1 4 |a Die Grundlagen der Charakterkunde /  |c L. Klages. 
264 |a Zúrich, Suiza :  |b Hirzel,  |c 1948 
300 |a 273 p. 
336 |a texto  |b txt  |2 rdacontenido 
337 |a sin mediación  |b n  |2 rdamedio 
338 |a volumen  |b nc  |2 rdasoporte 
649 |a XX 
650 |a Carácter 
650 |a Psicología 
910 |a Fondo Armando Suárez Gómez 
920 |a Impresos - Libros 
930 |a Fondos Especiales 
905 |a 111 
901 |a 0700000189  |b IT2  |c ESP  |u 20250521 
902 |a https://opac.biblio.iteso.mx/vufind/Record/000070380